Movies Quiz

Random Movies or Oscar Quiz

Clickable Characters: 80s Best Supp. Actress Nominees Quiz Stats

Quiz not verified by Sporcle

Challenge
Share
Tweet
Embed
Score 0/50 Timer 13:00
0 Plays Today
% Correct
Maerose Prizzi
90%
Vicki Thailer-LaMotta
86.7%
Bridget Fagan-Brown
86.7%
Sister Agnes Devereaux
83.3%
Billy Kwan
76.7%
Rose Castorini
76.7%
Chelsea Thayer Wayne
73.3%
Madame Marie de Tourvel
73.3%
Julie Nichols
70%
Lillian Farmer
66.7%
Shug Avery
66.7%
Katharine Parker
60%
Shelby Eatenton-Latcherie
60%
Lynda West-Dummar
56.7%
Emma Goldman
56.7%
Sandy Lester
53.3%
Jenny Fields
50%
Sarah Cooper
50%
Hadass Vishkower
50%
Beth Rogerson-Gallagher
50%
Mrs. Norman
46.7%
Cyn
46.7%
Doreen Lewis
43.3%
Sofia Johnson
43.3%
Holly
43.3%
% Correct
Muriel Pritchett
43.3%
Dolly Pelliker
40%
Florencia Sanchez Morales
40%
Evelyn Nesbit
33.3%
Mrs. Moore
33.3%
Charlotte Bartlett
30%
Helen Buckman
30%
Norma Cassady
23.3%
Margaret Lomax
23.3%
Teresa Perrone
16.7%
Beatrice- Geechee
16.7%
Hazel Zanussi
16.7%
Carmen
16.7%
Sunny MacKenzie-Sobel
13.3%
Mrs. Pell
13.3%
Toby Landau
10%
Iris Gaines
10%
Louise
6.7%
Mrs. Ritter
6.7%
Chick Boyle
6.7%
Mrs. Lift
6.7%
Letitia Benson-Doughty
6.7%
Masha Bloch
6.7%
Tamara Broder
6.7%
Pearl
3.3%

You're not logged in!

Compare scores with friends on all Sporcle quizzes.
Sign Up with Email
OR
Log In

You Might Also Like...

Show Comments

Extras

Top Quizzes Today


Score Distribution

Your Account Isn't Verified!

In order to create a playlist on Sporcle, you need to verify the email address you used during registration. Go to your Sporcle Settings to finish the process.